000 00719nam a2200229 a 4500
001 13636
003 BD-JhCC
005 20240312123124.0
008 240312b 2016b |||| ||a| 001 0 b d
020 _a984900781248
035 _a(BD-JhCC)13636
040 _aBD-JhCC
_dBD-JhCC
041 _aeng
082 _a891.4435
_bBAN 2016
100 _aবন্দোপাধ্যায়, মানিক
245 _aসমুদ্রের স্বাদ /
_b মানিক বন্দোপাধ্যায়
260 _aঢাকা:
_bসুচয়নী পাবলিশার্স;
_c2016.
300 _a160 p. :
_c22 cm.
650 _aBengali Short Stories
942 _2ddc
_cBK
999 _c13636
_d13636